| 000 | 00989nam a22003017a 4500 | ||
|---|---|---|---|
| 003 | EG-ScBUE | ||
| 005 | 20250202102832.0 | ||
| 008 | 210923s2025 ua f 000 f ara d | ||
| 017 | _a2024/31350 | ||
| 020 | _a9789770939444 | ||
| 040 |
_aEG-ScBUE _bara _erda _cEG-ScBUE _dEG-ScBUE |
||
| 082 | 0 | 4 |
_a892.746 _bن ا ج _222 |
| 100 | 1 |
_aناجي، نورا، _eمؤلف. |
|
| 245 | 1 | 0 |
_aبيت الجاز / _cنورا ناجي. |
| 246 | 3 | 4 |
_aبيت الجاز : _bرواية |
| 250 | _aالطبعة الأولى. | ||
| 264 | 1 |
_aالقاهرة : _bدار الشروق، _c2025. |
|
| 300 |
_a202 صفحة ؛ _c21 سم |
||
| 336 |
_2rdacontent _aنص _btxt |
||
| 337 |
_2rdamedia _aبدون وسيط _bn |
||
| 338 |
_2rdacarrier _aمجلد _bnc |
||
| 541 | _aBook Fair 2025. | ||
| 650 | 7 |
_aالقصص العربية _yقرن 21. _2BUEsh |
|
| 650 | 7 |
_aالأدب العربي _yقرن 21. _2BUEsh |
|
| 653 |
_aBUEsh _bARALIT _cFebruary2025 |
||
| 655 | 7 |
_2BUEsh _vReading book |
|
| 942 | _2ddc | ||
| 999 |
_c30847 _d30818 |
||